LEADER 01009nam0-2200361---450- 001 990000671320203316 005 20060127112326.0 010 $a88-221-2867-2 035 $a0067132 035 $aUSA010067132 035 $a(ALEPH)000067132USA01 035 $a0067132 100 $a20011012d1998----y0itay01 ba 101 $aita 102 $aIT 105 $a00||| 200 1 $aGente semplice$fDanilo Dolci 210 $aScandicci$cLa nuova Italia$d1998 215 $aXVII, 153 p.$d21 cm 676 $a853.914$v20 700 1$aDOLCI,$bDanilo$032100 912 $a990000671320203316 951 $aIRA 10 71$b28148 G.$cIRA 10$d00070326 951 $aVI.3.A. 1662(V A 1271)$bL.M.$cV A 959 $aBK 969 $aGIU 979 $aCHIARA$b40$c20011012$lUSA01$h1836 979 $aCHIARA$b40$c20011012$lUSA01$h1854 979 $c20020403$lUSA01$h1716 979 $aPATRY$b90$c20040406$lUSA01$h1646 979 $aCOPAT1$b90$c20060127$lUSA01$h1123 996 $aGente semplice$9960727 997 $aUNISA LEADER 02831oam 2200529 450 001 9910779487603321 005 20190911103511.0 010 $a1-4522-3812-X 010 $a1-4522-1923-0 010 $a1-4522-2325-4 035 $a(OCoLC)962877467 035 $a(MiFhGG)GVRL8140 035 $a(EXLCZ)992550000000107932 100 $a20110121h20112011 uy 0 101 0 $aeng 135 $aurun|---uuuua 181 $ctxt 182 $cc 183 $acr 200 10$aProactive school security and emergency preparedness planning /$fKenneth S. Trump 210 $aThousand Oaks, Calif. $cCorwin ;$aLondon $cSAGE$d2011 210 1$aThousand Oaks, California :$cCorwin, a SAGE Company,$d[2011] 210 4$d?2011 215 $a1 online resource (xvi, 309 pages) 225 0 $aGale eBooks 300 $aDescription based upon print version of record. 311 $a1-4129-7430-5 311 $a1-4129-7431-3 320 $aIncludes bibliographical references (p. 296-299) and index. 327 $aContents; Foreword; Preface; About the Author; Part I: Understanding and Managing School Safety; 1 - The Evolving Threats to School Security; 2 - The "Politricks"of SchoolSecurity; 3 - Comprehensive School Safety Planning and Leadership; Part II: Proactive School Security: Focusing on Fundamentals; 5 - School Security Strategies and Issues; 6 - Managing Bullying Focusing on Supervision, Conduct Codes, School Climate, and Mental Health Strategies; 7 - Preparing Schools for Terrorism; 8 - Managing School Safety on Tight Budgets; 9 - Parents and School Safety 327 $aPart III: Readiness and Emergency Management for Schools11 - Assessing and Managing Threats; 12 - Lessons Learned From School Crisis Incidents; 14 - Emergency Preparedness Planning and Preparation; 14 - Emergency Response and Crisis Management; 15 - The Postcrisis Crisis; 16 - Preparing for the Postcrisis Crisis; Part IV: Future Directions; References; Index 330 8 $aSecurity expert Kenneth S. Trump outlines school security issues and provides nuts-and-bolts strategies for preventing violence and preparing for crises. Includes a companion website. 606 $aSchools$xSecurity measures$zUnited States$vHandbooks, manuals, etc 606 $aSchools$zUnited States$xSafety measures$vHandbooks, manuals, etc 606 $aSchool crisis management$zUnited States$vHandbooks, manuals, etc 615 0$aSchools$xSecurity measures 615 0$aSchools$xSafety measures 615 0$aSchool crisis management 676 $a363.119371 686 $aEDU000000$2bisacsh 700 $aTrump$b Kenneth S$01512468 801 0$bMiFhGG 801 1$bMiFhGG 906 $aBOOK 912 $a9910779487603321 996 $aProactive school security and emergency preparedness planning$93746350 997 $aUNINA